| 000 | 00682nam a22002297a 4500 | ||
|---|---|---|---|
| 999 |
_c8516 _d8516 |
||
| 003 | AR-CdUCM | ||
| 008 | 190325b ||||| |||| 00| 0 spa d | ||
| 040 |
_aMUNICIPALIDAD PROVINCIAL DEL CUSCO _cBIBLIOTECA MUNICIPAL DEL CUSCO |
||
| 082 |
_a190.3 / _bAN54 |
||
| 100 |
_aAmorós Terán, Víctor _923855 |
||
| 245 | _aLa entrevista Psicoterapeutica / | ||
| 260 |
_aLima : _bEditora Caribe, _c1988. |
||
| 300 |
_a72 paginas ; _c21 cm. |
||
| 500 | _aBiblioteca peruana de psicología | ||
| 650 |
_aEntrevista _97463 |
||
| 650 |
_aPsicologia _91538 |
||
| 650 |
_aLiteratura _983 |
||
| 650 |
_aSiglo XX _98 |
||
| 700 |
_aÑaupas, Raul _923856 |
||
| 942 |
_2ddc _cLIBROS |
||
| 945 | _apjha | ||